Datum a čas kvízu
33.5
Celkem bodů
Celkový počet nahraných bodů na tomto kvízu bez doplňovacích otázek.
5.
Pořadí na kvízu
Konečné umístění týmu na tomto kvízu.
Zaznamenané odpovědi
| # | Otázka | Odpověď | Body | Výsledky |
|---|---|---|---|---|
| 1. | Počátkem minulého týdne se v č... | v Ostravě | 0 | |
| 2. | Kandidátka Zelených na německo... | negr | 1 | |
| 3. | Jeden z největších pornografic... | Pornhub | 1 | |
| 4. | Doplňte název první české přír... | bučiny | 1 | |
| 5. | Hokejový brankář Vítek Vaněček... | Seattle, Washington | 0.5 | |
| 6. | V tomto tématu se zaměříme na... | Daniela Drtinová | 1 | |
| 7. | V populaci se jako druhé nejča... | obsedantně kompulzivní | 1 | |
| 8. | Hypericum perforatum je latins... | třezalka (tečkovaná) | 1 | |
| 9. | Duševní poruchou, při níž se s... | Stella Zázvorková | 1 | |
| 10. | Lithium se používá v psychiatr... | 1991 (Uznáváme 1989–93.) | 1 |